[Event "ESP-chT Rapid"]
[Site "Ubeda"]
[Date "2023.09.24"]
[Round "8.3"]
[White "Aguilera Lopez, Alejandro"]
[Black "Iglesias Ferreira, Andres"]
[Result "0-1"]
[WhiteElo "2176"]
[BlackElo "2138"]
[PlyCount "54"]
[EventDate "2023.09.23"]
[EventType "team-swiss (rapid)"]
[EventRounds "9"]
[EventCountry "ESP"]
[SourceTitle "EXT 2024"]
[Source "ChessBase"]
[SourceDate "2023.10.10"]
[SourceVersion "1"]
[SourceVersionDate "2023.10.10"]
[SourceQuality "1"]
[WhiteTeam "Alcorcon Diagonal"]
[BlackTeam "Solvay"]
[WhiteTeamCountry "ESP"]
[BlackTeamCountry "ESP"]

1. Nf3 Nf6 2. b3 d5 3. Bb2 Bf5 4. g3 c6 5. Bg2 h6 6. c4 e6 7. 0-0 Be7 8. d3 0-0 9. a3 a5 10. Re1 Na6 11. Nh4 Bh7 12. Nd2 Qb6 13. d4 Ne4 14. Bxe4 dxe4 15. Ng2 Bf6 16. e3 c5 17. dxc5 Qd8 18. Bd4 Bxd4 19. exd4 Qxd4 20. Nxe4 Rfd8 21. Nd6 Qxc5 22. Nxb7 Rxd1 23. Nxc5 Rxe1+ 24. Rxe1 Nxc5 25. b4 axb4 26. axb4 Nd3 27. Rb1 Nxb4 0-1

[Event "ESP-chT Rapid"]
[Site "Ubeda"]
[Date "2023.09.23"]
[Round "4.5"]
[White "Garcia Ortega, Jesus Angel"]
[Black "Aguilera Lopez, Alejandro"]
[Result "0-1"]
[WhiteElo "2065"]
[BlackElo "2176"]
[PlyCount "102"]
[EventDate "2023.09.23"]
[EventType "team-swiss (rapid)"]
[EventRounds "9"]
[EventCountry "ESP"]
[SourceTitle "EXT 2024"]
[Source "ChessBase"]
[SourceDate "2023.10.10"]
[SourceVersion "1"]
[SourceVersionDate "2023.10.10"]
[SourceQuality "1"]
[WhiteTeam "Gambito CC"]
[BlackTeam "Alcorcon Diagonal"]
[WhiteTeamCountry "ESP"]
[BlackTeamCountry "ESP"]

1. e4 c5 2. c4 Nc6 3. Nc3 g6 4. g3 Bg7 5. Bg2 d6 6. Nge2 e5 7. 0-0 Be6 8. d3 Qd7 9. Nd5 Nge7 10. f4 0-0 11. Be3 exf4 12. Nexf4 Bxd5 13. cxd5 Nd4 14. Kh1 a5 15. h4 a4 16. Rf2 a3 17. b3 Nb5 18. Rc1 Bb2 19. Rcc2 Nc3 20. Rxc3 Bxc3 21. d4 cxd4 22. Bxd4 Rac8 23. Bh3 f5 24. Ne6 Rf7 25. Bxc3 Rxc3 26. Kh2 Qb5 27. Qd4 Qd3 28. Qxd3 Rxd3 29. Nd8 Rf8 30. Nxb7 fxe4 31. Be6+ Kg7 32. Re2 e3 33. Kh3 Rf2 34. Re1 e2 35. Bg4 Rxd5 36. b4 Nf5 37. Nd8 Kf6 38. Nc6 Rd2 39. b5 Rb2 40. h5 Rxb5 41. Rxe2 Rxe2 42. Bxe2 Rc5 43. Nb4 d5 44. hxg6 hxg6 45. Bd3 Ke5 46. g4 Ne7 47. Kh4 Nc6 48. Na6 Rc3 49. Bxg6 d4 50. Nc7 Na7 51. g5 Rxc7 0-1

[Event "Madrid Alcorcon op 1st"]
[Site "Madrid"]
[Date "2022.12.28"]
[Round "6"]
[White "Aguilera Lopez, Alejandro"]
[Black "Moreno Lopez, Avelino"]
[Result "1-0"]
[WhiteElo "2184"]
[BlackElo "1983"]
[PlyCount "57"]
[EventDate "2022.12.26"]
[EventType "swiss"]
[EventRounds "9"]
[EventCountry "ESP"]
[SourceTitle "CBM 212 Extra"]
[Source "ChessBase"]
[SourceDate "2023.03.31"]
[SourceVersion "1"]
[SourceVersionDate "2023.03.31"]
[SourceQuality "1"]

1. Nf3 d5 2. b3 Nf6 3. Bb2 c5 4. e3 Nc6 5. Bb5 Qb6 6. Qe2 Bg4 7. c4 e6 8. Bxf6 gxf6 9. cxd5 exd5 10. Nc3 0-0-0 11. Na4 Qa5 12. Bxc6 bxc6 13. h3 Bf5 14. Nh4 Be6 15. Qf3 Rg8 16. Rc1 Kd7 17. Rc2 Qb4 18. g3 c4 19. Rb2 cxb3 20. axb3 Bd6 21. Qxf6 Rb8 22. Nf3 Rg6 23. Qd4 c5 24. Ne5+ Bxe5 25. Qxe5 f6 26. Qh5 Rg7 27. 0-0 Rbg8 28. Rc1 c4 29. bxc4 1-0

[Event "Madrid Alcorcon op 1st"]
[Site "Madrid"]
[Date "2022.12.26"]
[Round "2"]
[White "Aguilera Lopez, Alejandro"]
[Black "Jimenez Carrazoni, Javier"]
[Result "1-0"]
[WhiteElo "2184"]
[BlackElo "1872"]
[PlyCount "125"]
[EventDate "2022.12.26"]
[EventType "swiss"]
[EventRounds "9"]
[EventCountry "ESP"]
[SourceTitle "CBM 212 Extra"]
[Source "ChessBase"]
[SourceDate "2023.03.31"]
[SourceVersion "1"]
[SourceVersionDate "2023.03.31"]
[SourceQuality "1"]

1. d4 Nf6 2. c4 c5 3. d5 b5 4. cxb5 a6 5. e3 g6 6. Nc3 Bg7 7. Nf3 0-0 8. a4 d6 9. e4 Nbd7 10. Be2 axb5 11. Bxb5 Ba6 12. Bg5 Bxb5 13. axb5 h6 14. Bh4 Nb6 15. 0-0 Ne8 16. Rxa8 Nxa8 17. Qa4 Nec7 18. Ra1 g5 19. Bg3 Qd7 20. e5 f5 21. exd6 exd6 22. b6 Qxa4 23. Nxa4 f4 24. bxc7 fxg3 25. hxg3 Nxc7 26. Rd1 Rf5 27. Nb6 Bxb2 28. Nc4 Bg7 29. Ne3 Rf8 30. Kf1 Nb5 31. Rb1 Nd4 32. Rb6 Nxf3 33. gxf3 Rf6 34. Ke2 Bf8 35. Ng4 Rf7 36. Ne3 Kh7 37. g4 Re7 38. Kd3 Ra7 39. Nc4 Ra4 40. Rb8 Kg7 41. Re8 Kf7 42. Re6 Kg8 43. Re4 Rb4 44. Nd2 Rb2 45. Ra4 Kf7 46. f4 Be7 47. fxg5 hxg5 48. Ne4 Rb3+ 49. Kc4 Rf3 50. Kb5 Rb3+ 51. Kc6 Rb4 52. Nxd6+ Bxd6 53. Ra7+ Be7 54. d6 Rxg4 55. Rxe7+ Kf8 56. Re5 Rd4 57. d7 Kf7 58. Re8 c4 59. d8Q Rxd8 60. Rxd8 Kf6 61. Kd5 Kf5 62. Rf8+ Kg4 63. Kxc4 1-0

[Event "ESP-chT Rapid"]
[Site "Toledo"]
[Date "2022.09.24"]
[Round "4"]
[White "Suarez Triguero, Jose Alfonso"]
[Black "Aguilera Lopez, Alejandro"]
[Result "0-1"]
[WhiteElo "2009"]
[BlackElo "2189"]
[PlyCount "72"]
[EventDate "2022.09.24"]
[EventType "team-swiss (rapid)"]
[EventRounds "9"]
[EventCountry "ESP"]
[SourceTitle "CBM 210 Extra"]
[Source "ChessBase"]
[SourceDate "2022.11.30"]
[SourceVersion "1"]
[SourceVersionDate "2022.11.30"]
[SourceQuality "1"]
[WhiteTeam "Madrid Academy"]
[BlackTeam "Diagonal Alcorcon"]
[WhiteTeamCountry "ESP"]
[BlackTeamCountry "ESP"]

1. e4 c5 2. c4 e5 3. Ne2 g6 4. d3 Bg7 5. g3 d6 6. Bg2 h5 7. h4 Bg4 8. Nbc3 Nc6 9. f3 Be6 10. Nd5 Qd7 11. a3 Nge7 12. Bd2 Nd4 13. Nxd4 exd4 14. Nxe7 Qxe7 15. Qa4+ Bd7 16. Qc2 b5 17. 0-0 0-0 18. b3 Rab8 19. Rab1 Rb7 20. Rb2 Rfb8 21. Rfb1 Bc6 22. Kh2 Kh7 23. Qc1 Qd7 24. Bh3 Qe8 25. Bg2 Bf6 26. Bf4 Qd8 27. Bh3 a5 28. Qc2 Qe7 29. Bd2 a4 30. bxa4 bxc4 31. Rxb7 Rxb7 32. Rxb7 Qxb7 33. Qxc4 Qb2 34. Qxf7+ Bg7 35. Qf4 Bxa4 36. g4 Be5 0-1

[Event "ESP-chT CECLUB Div2"]
[Site "Linares"]
[Date "2022.08.26"]
[Round "6.1"]
[White "Aguilera Lopez, Alejandro"]
[Black "Matnadze, Ana"]
[Result "0-1"]
[WhiteElo "2222"]
[BlackElo "2406"]
[PlyCount "94"]
[EventDate "2022.08.22"]
[EventType "team-swiss"]
[EventRounds "7"]
[EventCountry "ESP"]
[SourceTitle "CBM 209 Extra"]
[Source "ChessBase"]
[SourceDate "2022.09.30"]
[SourceVersion "1"]
[SourceVersionDate "2022.09.30"]
[SourceQuality "1"]
[WhiteTeam "Diagonal Alcorcon"]
[BlackTeam "Naxfor Benalmadena"]
[WhiteTeamCountry "ESP"]
[BlackTeamCountry "ESP"]

1. Nf3 g6 2. c4 Bg7 3. Nc3 c6 4. d4 d5 5. cxd5 cxd5 6. Bf4 Nf6 7. e3 0-0 8. Be2 Nc6 9. h3 Bf5 10. 0-0 Rc8 11. Rc1 Ne4 12. Qa4 a6 13. Rfd1 Qd7 14. Bf1 Nxc3 15. Rxc3 e5 16. dxe5 Nxe5 17. Qxd7 Nxf3+ 18. gxf3 Bxd7 19. Rxc8 Rxc8 20. b3 Be6 21. e4 d4 22. Kg2 Rc2 23. Rd2 Rc6 24. Bd3 Rc5 25. Bf1 h6 26. Bb8 Rc1 27. Bd3 b5 28. f4 f5 29. f3 h5 30. Be2 fxe4 31. fxe4 Rc3 32. Bd3 h4 33. Bd6 a5 34. Rd1 a4 35. bxa4 Bc4 36. Bb1 bxa4 37. e5 Rg3+ 38. Kh2 d3 39. Be7 Bd5 40. Rd2 Be4 41. Bxh4 Rf3 42. Bg5 Bf8 43. e6 Bc5 44. Bh4 a3 45. Rd1 Bd6 46. Bg5 Rf2+ 47. Kg1 Bc5 0-1

[Event "Pontevedra op-A 10th"]
[Site "Pontevedra"]
[Date "2022.07.30"]
[Round "9"]
[White "Gomez Carreno, Martin"]
[Black "Aguilera Lopez, Alejandro"]
[Result "1/2-1/2"]
[WhiteElo "2155"]
[BlackElo "2219"]
[PlyCount "83"]
[EventDate "2022.07.24"]
[EventType "swiss"]
[EventRounds "9"]
[EventCountry "ESP"]
[SourceTitle "EXT 2023"]
[Source "ChessBase"]
[SourceDate "2022.10.05"]
[SourceVersion "1"]
[SourceVersionDate "2022.10.05"]
[SourceQuality "1"]

1. e4 c5 2. Nc3 e6 3. Nge2 Nc6 4. d4 cxd4 5. Nxd4 Nf6 6. g3 Be7 7. Bg2 0-0 8. 0-0 a6 9. Re1 Qc7 10. Be3 d6 11. Nxc6 bxc6 12. Na4 Rb8 13. c4 c5 14. b3 Bb7 15. Nc3 Nd7 16. Qc2 Ne5 17. Rad1 Nc6 18. f4 Rfd8 19. Qf2 Bf6 20. e5 dxe5 21. Ne4 Nd4 22. Nxf6+ gxf6 23. fxe5 Bxg2 24. Qxf6 Nf5 25. Rxd8+ Rxd8 26. Kxg2 Nxe3+ 27. Rxe3 Rd2+ 28. Kh3 Qd8 29. Re4 Qxf6 30. exf6 Rxa2 31. Re5 h6 32. Rxc5 Kh7 33. Rc7 Kg6 34. b4 Kxf6 35. c5 e5 36. g4 Rb2 37. Rb7 Ke6 38. Kg3 Kd5 39. Rb6 Rb3+ 40. Kf2 Ke4 41. c6 Kd5 42. c7 1/2-1/2

[Event "Pontevedra op-A 10th"]
[Site "Pontevedra"]
[Date "2022.07.26"]
[Round "4"]
[White "Aguilera Lopez, Alejandro"]
[Black "Lu, Maximillian"]
[Result "0-1"]
[WhiteElo "2219"]
[BlackElo "2398"]
[PlyCount "58"]
[EventDate "2022.07.24"]
[EventType "swiss"]
[EventRounds "9"]
[EventCountry "ESP"]
[SourceTitle "EXT 2023"]
[Source "ChessBase"]
[SourceDate "2022.10.05"]
[SourceVersion "1"]
[SourceVersionDate "2022.10.05"]
[SourceQuality "1"]

1. e3 Nf6 2. c4 c5 3. Nc3 g6 4. g3 d5 5. cxd5 Nxd5 6. a3 Nxc3 7. bxc3 Bg7 8. d4 Qa5 9. Bd2 0-0 10. Bg2 Rd8 11. Ne2 Qa6 12. 0-0 Nc6 13. Re1 Na5 14. d5 Nc4 15. e4 e6 16. Bg5 Re8 17. h3 h6 18. Bc1 Bd7 19. Bf1 Ba4 20. Qd3 exd5 21. Nf4 Ne5 22. Qxd5 Nf3+ 23. Kh1 Qb6 24. Re3 Bc6 25. Qd1 Rxe4 26. Bg2 Bxc3 27. Qxf3 Rxe3 28. Qxe3 Bxg2+ 29. Kxg2 Qc6+ 0-1

[Event "Alicante Easter op 6th"]
[Site "Alicante"]
[Date "2022.04.14"]
[Round "3"]
[White "Aguilera Lopez, Alejandro"]
[Black "Sochacki, Christophe"]
[Result "0-1"]
[WhiteElo "2251"]
[BlackElo "2484"]
[PlyCount "118"]
[EventDate "2022.04.13"]
[EventType "swiss"]
[EventRounds "9"]
[EventCountry "ESP"]
[SourceTitle "CBM 207 Extra"]
[Source "ChessBase"]
[SourceDate "2022.05.31"]
[SourceVersion "1"]
[SourceVersionDate "2022.05.31"]
[SourceQuality "1"]

1. e3 Nf6 2. c4 e5 3. Nc3 Nc6 4. Nf3 a6 5. d4 exd4 6. exd4 d6 7. d5 Ne5 8. Nxe5 dxe5 9. Bd3 Bd6 10. Bg5 h6 11. Bh4 Qe7 12. 0-0 g5 13. Bg3 h5 14. c5 h4 15. cxd6 cxd6 16. Bxe5 dxe5 17. Re1 Kf8 18. Qe2 h3 19. Qxe5 Qxe5 20. Rxe5 Ng4 21. Rxg5 f6 22. Rxg4 Bxg4 23. f3 Bd7 24. g3 f5 25. Kf2 Re8 26. Ne2 Ke7 27. Nf4 Kd6 28. Rd1 Rh6 29. Bf1 Rc8 30. Rd2 Rc1 31. Ne2 Ra1 32. Nc3 Kc5 33. a3 b5 34. Nd1 b4 35. axb4+ Kxb4 36. Ne3 Rb1 37. Bd3 Rh1 38. Nf1 Rd6 39. Be2 Bb5 40. Bxb5 axb5 41. Rd1 Kc5 42. Rc1+ Kd4 43. Rd1+ Ke5 44. Re1+ Kf6 45. Rd1 Rd8 46. g4 fxg4 47. fxg4 Ke5 48. Re1+ Kd6 49. Ne3 Rxe1 50. Kxe1 Ke5 51. Kf2 Kf4 52. g5 Kxg5 53. Kg3 Re8 54. Nc2 Re2 55. Nd4 Rxb2 56. d6 Kf6 57. Kxh3 b4 58. Kg3 Rd2 59. Nb5 b3 0-1

[Event "ESP-chT CECLUB Div1"]
[Site "Linares"]
[Date "2020.10.05"]
[Round "3.4"]
[White "Aguilera Lopez, Alejandro"]
[Black "Abal Cores, Lucas"]
[Result "1/2-1/2"]
[WhiteElo "2243"]
[BlackElo "2315"]
[PlyCount "101"]
[EventDate "2020.10.03"]
[EventType "team-tourn"]
[EventRounds "7"]
[EventCountry "ESP"]
[SourceTitle "CBM 198 Extra"]
[Source "ChessBase"]
[SourceDate "2020.11.30"]
[SourceVersion "1"]
[SourceVersionDate "2020.11.30"]
[SourceQuality "1"]
[WhiteTeam "Virgen de Atocha"]
[BlackTeam "Sanxenxo Fontecarmoa"]
[WhiteTeamCountry "ESP"]
[BlackTeamCountry "ESP"]

1. d4 f5 2. Bg5 d5 3. e3 Nf6 4. Bxf6 exf6 5. c4 c6 6. cxd5 Qxd5 7. Nc3 Bb4 8. Nge2 Be6 9. Nf4 Qd7 10. Bd3 Bf7 11. Qc2 g6 12. h4 h5 13. a3 Bd6 14. Nce2 Qe7 15. 0-0 Nd7 16. b4 Kf8 17. Rfe1 Nb6 18. e4 fxe4 19. Bxe4 f5 20. Bf3 Qxh4 21. g3 Qf6 22. b5 g5 23. Nd3 h4 24. bxc6 bxc6 25. Ne5 Be8 26. Nc3 hxg3 27. fxg3 Rd8 28. Bg2 Kg7 29. Na4 f4 30. Nc5 Nd5 31. Bxd5 cxd5 32. Rab1 fxg3 33. Rb7+ Kg8 34. Qg2 Bxc5 35. dxc5 Qf4 36. Nf3 g4 37. Qb2 Qh6 38. Nh4 Rh7 39. Rxh7 Qxh7 40. Qf6 Qc2 41. Qg5+ Kh8 42. Ng6+ Bxg6 43. Qxd8+ Kg7 44. Qe7+ Kg8 45. Qe6+ Kh7 46. Qe7+ Kg8 47. Qd8+ Kg7 48. Qc7+ Kg8 49. Qb8+ Kg7 50. Qe5+ Kh7 51. Qe7+ 1/2-1/2

[Event "Madrid-chT 1920 Honor"]
[Site "Madrid"]
[Date "2020.02.29"]
[Round "11.5"]
[White "Guerrero Vargas, Andres Jesus"]
[Black "Aguilera Lopez, Alejandro"]
[Result "1/2-1/2"]
[WhiteElo "2351"]
[BlackElo "2212"]
[PlyCount "79"]
[EventDate "2019.11.24"]
[EventType "team-tourn"]
[EventRounds "12"]
[EventCountry "ESP"]
[SourceTitle "EXT 2021"]
[Source "ChessBase"]
[SourceDate "2020.10.23"]
[SourceVersion "1"]
[SourceVersionDate "2020.10.23"]
[SourceQuality "1"]
[WhiteTeam "Villalba 64"]
[BlackTeam "Virgen de Atocha"]
[WhiteTeamCountry "ESP"]
[BlackTeamCountry "ESP"]

1. e4 c5 2. Nf3 e6 3. c4 Nc6 4. Nc3 e5 5. d3 d6 6. g3 Be7 7. Bg2 Be6 8. 0-0 Qd7 9. a3 h5 10. h4 Bg4 11. Qa4 Nd4 12. Qxd7+ Kxd7 13. Nxd4 cxd4 14. f3 Be6 15. Nd5 Bxd5 16. cxd5 Kd8 17. Bd2 Nf6 18. Rac1 Nd7 19. Rc2 Rc8 20. Rxc8+ Kxc8 21. Bh3 Rd8 22. Ba5 b6 23. Be1 Kb7 24. b4 b5 25. f4 f6 26. Bd2 Nb6 27. Kf2 Na4 28. Rd1 Rb8 29. Bf5 a6 30. Ke2 Rh8 31. Be6 Rf8 32. Rg1 Nc3+ 33. Bxc3 dxc3 34. g4 exf4 35. gxh5 Kb6 36. Rxg7 f5 37. Bxf5 Bf6 38. Rg1 Bd4 39. Rc1 Rg8 40. Bg6 1/2-1/2

[Event "Madrid-chT 1920 Honor"]
[Site "Madrid"]
[Date "2020.02.22"]
[Round "10.6"]
[White "Sahuquillo Cruz, Alejandro"]
[Black "Aguilera Lopez, Alejandro"]
[Result "0-1"]
[WhiteElo "1983"]
[BlackElo "2212"]
[PlyCount "70"]
[EventDate "2019.11.24"]
[EventType "team-tourn"]
[EventRounds "12"]
[EventCountry "ESP"]
[SourceTitle "EXT 2021"]
[Source "ChessBase"]
[SourceDate "2020.10.23"]
[SourceVersion "1"]
[SourceVersionDate "2020.10.23"]
[SourceQuality "1"]
[WhiteTeam "Tajamar"]
[BlackTeam "Virgen de Atocha"]
[WhiteTeamCountry "ESP"]
[BlackTeamCountry "ESP"]

1. e4 c5 2. Nf3 e6 3. d4 cxd4 4. Nxd4 Nf6 5. Nc3 Nc6 6. a3 Be7 7. Be3 0-0 8. Be2 d5 9. exd5 exd5 10. 0-0 Re8 11. Bf3 Ne5 12. Bf4 Nxf3+ 13. Qxf3 Bg4 14. Qg3 Qd7 15. h3 Bh5 16. Nf3 Ne4 17. Nxe4 dxe4 18. Ne5 Qe6 19. Ng4 f5 20. Ne3 Rad8 21. Bg5 Rf8 22. h4 Bd6 23. Bf4 h6 24. Rfe1 Bc5 25. Be5 Rf7 26. Bf4 Bd4 27. Rab1 Kh7 28. c4 Rf6 29. Qh3 Rdf8 30. Kh1 Rg6 31. b4 Bxe3 32. Qxe3 Rg4 33. g3 Qf6 34. Red1 Rxh4+ 35. gxh4 Bf3+ 0-1

[Event "Madrid-chT 1920 Honor"]
[Site "Madrid"]
[Date "2020.01.18"]
[Round "5.6"]
[White "Aguilera Lopez, Alejandro"]
[Black "Rottenwohrer Suarez, Juan"]
[Result "0-1"]
[WhiteElo "2173"]
[BlackElo "2212"]
[PlyCount "114"]
[EventDate "2019.11.24"]
[EventType "team-tourn"]
[EventRounds "12"]
[EventCountry "ESP"]
[SourceTitle "EXT 2021"]
[Source "ChessBase"]
[SourceDate "2020.10.23"]
[SourceVersion "1"]
[SourceVersionDate "2020.10.23"]
[SourceQuality "1"]
[WhiteTeam "Virgen de Atocha"]
[BlackTeam "Blanco y Negro"]
[WhiteTeamCountry "ESP"]
[BlackTeamCountry "ESP"]

1. e3 Nf6 2. Nf3 g6 3. Be2 Bg7 4. 0-0 0-0 5. c4 c5 6. Nc3 Nc6 7. d4 cxd4 8. exd4 d5 9. h3 b6 10. Bf4 Bb7 11. a3 Rc8 12. Rc1 dxc4 13. Bxc4 Na5 14. Ba2 Ne4 15. Qe2 Nxc3 16. bxc3 e6 17. Ne5 Bd5 18. c4 Bb7 19. Rfd1 Re8 20. Ng4 Ba6 21. Be5 f6 22. Bh2 Qe7 23. d5 Kh8 24. d6 Qd7 25. Qb2 Rf8 26. c5 bxc5 27. Qc3 Nb7 28. Ne3 Rc6 29. Nc4 e5 30. f4 Bxc4 31. Bxc4 Rxd6 32. Rxd6 Qxd6 33. Kh1 Qd4 34. Ba6 Nd6 35. Qxc5 Ne4 36. Qxd4 exd4 37. f5 d3 38. Rc7 d2 39. Be2 Rd8 40. Bf4 g5 41. Bxd2 Nxd2 42. Rxa7 Bf8 43. a4 Ne4 44. Bf3 Ng3+ 45. Kh2 Bd6 46. a5 Nxf5+ 47. Kh1 Ng3+ 48. Kh2 Nf1+ 49. Kh1 Ng3+ 50. Kh2 Ne4+ 51. Kh1 Nf2+ 52. Kg1 Nd3 53. Rb7 Bc5+ 54. Kh2 Bd6+ 55. Kg1 Nc5 56. Rb5 Rb8 57. Bb7 Rxb7 0-1

[Event "ESP-ch U18"]
[Site "Salobrena"]
[Date "2019.07.22"]
[Round "2"]
[White "Aguilera Lopez, Alejandro"]
[Black "Martin Perez, Pau"]
[Result "0-1"]
[WhiteElo "2223"]
[BlackElo "1955"]
[PlyCount "96"]
[EventDate "2019.07.22"]
[EventType "swiss"]
[EventRounds "9"]
[EventCountry "ESP"]
[SourceTitle "CBM 191 Extra"]
[Source "ChessBase"]
[SourceDate "2019.09.30"]
[SourceVersion "1"]
[SourceVersionDate "2019.09.30"]
[SourceQuality "1"]

1. d4 Nf6 2. Nf3 g6 3. Nbd2 Bg7 4. e4 d6 5. Bb5+ c6 6. Bd3 0-0 7. 0-0 Nbd7 8. Re1 e5 9. c3 Re8 10. h3 Qc7 11. Nf1 Nf8 12. Bg5 Ne6 13. dxe5 dxe5 14. Bc4 b5 15. Bb3 Nc5 16. Bc2 Be6 17. Qd2 Rad8 18. Qe3 Ncd7 19. a4 a5 20. Bh6 bxa4 21. Bxg7 Kxg7 22. Bxa4 Rb8 23. Re2 Nb6 24. Qc5 Nxa4 25. Rxa4 Rb5 26. Qe3 Bb3 27. Ra1 Bc4 28. Rd2 Reb8 29. Ng3 h6 30. Nh4 Be6 31. Qe2 Qb6 32. Nf3 Qc5 33. Nh4 Qb6 34. Nhf5+ gxf5 35. exf5 Bb3 36. Rd6 Qc7 37. Ne4 Nxe4 38. Rxh6 Kxh6 39. Qxe4 Qe7 40. Qxc6+ Kg7 41. Qe4 Qg5 42. Re1 Qf4 43. f6+ Kg8 44. Qb1 Rd5 45. g3 Qxf6 46. Qe4 Qg6 47. Qf3 Rd3 48. Qe2 Rbd8 0-1

[Event "Alcorcon Spring op-A 1st"]
[Site "Alcorcon"]
[Date "2019.05.19"]
[Round "8"]
[White "Aguilera Lopez, Alejandro"]
[Black "Bustos Bernardo, Samuel"]
[Result "0-1"]
[WhiteElo "2203"]
[BlackElo "2178"]
[PlyCount "68"]
[EventDate "2019.03.24"]
[EventType "swiss"]
[EventRounds "9"]
[EventCountry "ESP"]
[SourceTitle "EXT 2020"]
[Source "ChessBase"]
[SourceDate "2019.10.17"]
[SourceVersion "1"]
[SourceVersionDate "2019.10.17"]
[SourceQuality "1"]

1. e3 Nf6 2. Nf3 c5 3. d4 g6 4. Be2 Bg7 5. 0-0 0-0 6. a4 d5 7. c3 Qc7 8. Nbd2 Nbd7 9. a5 e5 10. dxe5 Nxe5 11. Qa4 Bd7 12. Qh4 Bc6 13. Rd1 Rfe8 14. Ra3 Nxf3+ 15. gxf3 d4 16. cxd4 cxd4 17. e4 Nh5 18. Nb3 Bd7 19. Qg5 Be5 20. Nxd4 Bxh2+ 21. Kh1 Re5 22. Qh4 Nf4 23. Nf5 Nxe2 24. Bh6 Rxf5 25. exf5 Bf4 26. f6 Bb5 27. Rc3 Rd8 28. Bxf4 Rxd1+ 29. Kh2 Qd8 30. Qh6 Qxf6 31. Rc8+ Rd8 32. Rxd8+ Qxd8 33. Be3 Nd4 34. Qf4 Nf5 0-1

[Event "Alcorcon Spring op-A 1st"]
[Site "Alcorcon"]
[Date "2019.05.12"]
[Round "7"]
[White "Aguilera Lopez, Alejandro"]
[Black "Barahona Torrijos, Angel"]
[Result "1-0"]
[WhiteElo "2203"]
[BlackElo "1821"]
[PlyCount "39"]
[EventDate "2019.03.24"]
[EventType "swiss"]
[EventRounds "9"]
[EventCountry "ESP"]
[SourceTitle "EXT 2020"]
[Source "ChessBase"]
[SourceDate "2019.10.17"]
[SourceVersion "1"]
[SourceVersionDate "2019.10.17"]
[SourceQuality "1"]

1. d4 Nf6 2. Nf3 c5 3. c3 e6 4. e3 b6 5. Nbd2 Bb7 6. Bd3 Nc6 7. 0-0 d5 8. Ne5 c4 9. Bb1 b5 10. f4 Bd6 11. Qf3 Qc7 12. e4 dxe4 13. Nxe4 Nxe4 14. Bxe4 Nd8 15. f5 0-0 16. f6 Re8 17. Bxh7+ Kxh7 18. Qh5+ Kg8 19. fxg7 Kxg7 20. Bh6+ 1-0

[Event "Alcorcon Spring op-A 1st"]
[Site "Alcorcon"]
[Date "2019.04.28"]
[Round "5"]
[White "Aguilera Lopez, Alejandro"]
[Black "Periotto Miori, Fabrizio Lautaro"]
[Result "1/2-1/2"]
[WhiteElo "2203"]
[BlackElo "1634"]
[PlyCount "88"]
[EventDate "2019.03.24"]
[EventType "swiss"]
[EventRounds "9"]
[EventCountry "ESP"]
[SourceTitle "EXT 2020"]
[Source "ChessBase"]
[SourceDate "2019.10.17"]
[SourceVersion "1"]
[SourceVersionDate "2019.10.17"]
[SourceQuality "1"]

1. e3 e5 2. c4 Nc6 3. Nc3 g6 4. Nf3 Bg7 5. d4 d6 6. Be2 exd4 7. exd4 Nf6 8. Bg5 0-0 9. Qd2 a5 10. 0-0 Ne7 11. Nh4 c6 12. Rfe1 Nf5 13. Nxf5 Bxf5 14. d5 Qc7 15. Bf3 Rae8 16. h3 Rxe1+ 17. Rxe1 h5 18. dxc6 bxc6 19. Bf4 Rd8 20. Rd1 Ne8 21. c5 Bf8 22. g4 hxg4 23. hxg4 Be6 24. Kg2 Qd7 25. Qe2 d5 26. Ne4 dxe4 27. Rxd7 exf3+ 28. Qxf3 Rxd7 29. Qc3 Ra7 30. Kg3 Ra8 31. Be5 a4 32. f4 Be7 33. f5 gxf5 34. gxf5 Bxf5 35. Qf3 Bg6 36. Qxc6 Rd8 37. Qb5 Rd3+ 38. Kf2 Nf6 39. Ke2 Rd8 40. Qa5 Ne4 41. Bd6 Nxd6 42. cxd6 Rxd6 43. Qxa4 Re6+ 44. Kf3 Bh5+ 1/2-1/2

[Event "La Roda op 46th"]
[Site "La Roda"]
[Date "2019.04.21"]
[Round "9"]
[White "Gavarrete, Nahun"]
[Black "Aguilera Lopez, Alejandro"]
[Result "1-0"]
[WhiteElo "2324"]
[BlackElo "2194"]
[PlyCount "59"]
[EventDate "2019.04.17"]
[EventType "swiss"]
[EventRounds "9"]
[EventCountry "ESP"]
[SourceTitle "EXT 2020"]
[Source "ChessBase"]
[SourceDate "2019.10.17"]
[SourceVersion "1"]
[SourceVersionDate "2019.10.17"]
[SourceQuality "1"]

1. e4 c5 2. Nf3 e6 3. d4 cxd4 4. Nxd4 Nf6 5. Nc3 Nc6 6. Ndb5 Bb4 7. a3 Bxc3+ 8. Nxc3 d5 9. exd5 exd5 10. Bd3 d4 11. Ne2 Bf5 12. 0-0 Bxd3 13. Qxd3 0-0 14. Bg5 Qd6 15. Rad1 Ng4 16. Bf4 Qc5 17. h3 Nf6 18. c3 Rfe8 19. Nxd4 Rad8 20. Be3 Ne5 21. Qb1 Qc4 22. Nf5 Nd3 23. Bd4 Nf4 24. Bxf6 gxf6 25. Ne3 Qc6 26. Qf5 Rxd1 27. Rxd1 Ne2+ 28. Kh2 Re4 29. Qf3 Nf4 30. Rd8+ 1-0

[Event "La Roda op 46th"]
[Site "La Roda"]
[Date "2019.04.20"]
[Round "6"]
[White "Aguilera Lopez, Alejandro"]
[Black "Merario Alarcon, Andres"]
[Result "0-1"]
[WhiteElo "2194"]
[BlackElo "2399"]
[PlyCount "66"]
[EventDate "2019.04.17"]
[EventType "swiss"]
[EventRounds "9"]
[EventCountry "ESP"]
[SourceTitle "CBM 189 Extra"]
[Source "ChessBase"]
[SourceDate "2019.06.03"]
[SourceVersion "1"]
[SourceVersionDate "2019.06.03"]
[SourceQuality "1"]

1. e3 d5 2. b3 e5 3. Bb2 Bd6 4. c4 c6 5. Nf3 Nd7 6. cxd5 cxd5 7. Nc3 Ne7 8. Rc1 a6 9. d4 e4 10. Ne5 0-0 11. f4 exf3 12. Nxf3 Nf5 13. Qd3 Nxe3 14. Qxe3 Re8 15. Qxe8+ Qxe8+ 16. Kf2 Nf6 17. Re1 Qd8 18. Bd3 Bf4 19. g3 Bh6 20. h3 b5 21. Ne5 Qb6 22. Nd1 Ne4+ 23. Kg2 Qd6 24. Nf2 Bb7 25. Nxe4 dxe4 26. Be2 f6 27. Ng4 Bd2 28. Rd1 e3+ 29. Bf3 Bxf3+ 30. Kxf3 Qd5+ 31. Ke2 Qg2+ 32. Kd3 Bb4 33. Nxe3 Qxb2 0-1

[Event "Alcorcon Spring op-A 1st"]
[Site "Alcorcon"]
[Date "2019.04.07"]
[Round "3"]
[White "Aguilera Lopez, Alejandro"]
[Black "Lopez Mijail, Nicolas"]
[Result "1-0"]
[WhiteElo "2203"]
[BlackElo "1950"]
[PlyCount "57"]
[EventDate "2019.03.24"]
[EventType "swiss"]
[EventRounds "9"]
[EventCountry "ESP"]
[SourceTitle "EXT 2020"]
[Source "ChessBase"]
[SourceDate "2019.10.17"]
[SourceVersion "1"]
[SourceVersionDate "2019.10.17"]
[SourceQuality "1"]

1. d4 Nf6 2. c4 e6 3. g3 d5 4. Bg2 Be7 5. Nc3 0-0 6. Nf3 dxc4 7. e4 a6 8. a4 Bb4 9. Bg5 h6 10. Bxf6 Qxf6 11. Qe2 c5 12. Qxc4 b5 13. Qd3 cxd4 14. e5 Qd8 15. Nxd4 Ra7 16. 0-0 Bb7 17. axb5 Bxg2 18. Kxg2 Rd7 19. Nce2 Bc5 20. Rfd1 Qb6 21. bxa6 Nc6 22. Qb5 Rxd4 23. Nxd4 Nxd4 24. Qxb6 Bxb6 25. Ra4 Nf5 26. Rd7 Ra8 27. a7 Kh7 28. Rxf7 Nd4 29. Rd7 1-0